000 004240000a22001690004500
003 MACL
005 20160102132724.0
008 160102b xxu||||| |||| 00| 0 eng d
040 _aMACL
_cMACL
041 _aEnglish
082 _a800/MOO
100 _aMoore, Thomas
_921863
245 _aThe Works of Lord Byron
_bVol XII
260 _bJohn Murray
_c1832
_aLondon
650 _aLiterature
_927073
942 _cBK
_k800/MOO
_2ddc
999 _c39412
_d39412